Central Library OPAC University of Rajshahi

Lease Lend : (Record no. 68924)

MARC details
000 -LEADER
fixed length control field 00861nam a2200253 a 4500
001 - CONTROL NUMBER
control field 68924
003 - CONTROL NUMBER IDENTIFIER
rucl marc code BD-RjUL
005 - DATE AND TIME OF LATEST TRANSACTION
control field 20211209081829.0
008 - FIXED-LENGTH DATA ELEMENTS--GENERAL INFORMATION
fixed length control field 190421s1942 ii r s i0 a0eng c
035 ## - SYSTEM CONTROL NUMBER
System control number (BD-RjUL)69135
040 ## - CATALOGING SOURCE
Original cataloging agency BD-RjUL
Transcribing agency BD-RjUL
Modifying agency BD-RjUL
Language of cataloging eng
041 ## - LANGUAGE CODE
Language code of text/sound track or separate title eng
082 ## - DEWEY DECIMAL CLASSIFICATION NUMBER
Edition number 23
Classification number 355.260973
Author mark and year GRL 1942
100 1# - MAIN ENTRY--PERSONAL NAME
Personal name Gregory, Theodor Emmanuel Gugenheim
9 (RLIN) 231012
245 10 - TITLE STATEMENT
Title Lease Lend :
Remainder of title what it is and how it works /
Statement of responsibility, etc. by T. E. Gregory and M. W. M. Yeatts.
260 ## - PUBLICATION, DISTRIBUTION, ETC. (IMPRINT)
Place of publication, distribution, etc. New Delhi :
Name of publisher, distributor, etc. Government of India Press,
Date of publication, distribution, etc. 1942.
300 ## - PHYSICAL DESCRIPTION
Pagination 22 p. ;
Size 24 cm.
500 ## - GENERAL NOTE
General note "For Restricted use only"
650 ## - SUBJECT ADDED ENTRY--TOPICAL TERM
Topical term or geographic name as entry element Lend-lease operations (1941-1945)
9 (RLIN) 231013
Topical term or geographic name as entry element World War, 1939-1945
General subdivision Economic aspects
Geographic subdivision India.
9 (RLIN) 231014
Topical term or geographic name as entry element Economics.
9 (RLIN) 231015
700 ## - ADDED ENTRY--PERSONAL NAME
Personal name Yeatts, M. W. M. , jt. auth.
942 ## - ADDED ENTRY ELEMENTS (KOHA)
Source of classification or shelving scheme Dewey Decimal Classification
Koha item type Rare Books
Holdings
Lost status Source of classification or shelving scheme Damaged status Not for loan Collection code Permanent Location Current Location Shelving location Date acquired Total Checkouts Full call number Date last seen Copy number Koha item type
  Dewey Decimal Classification   Not For Loan Rare Books Central Library, University of Rajshahi Central Library, University of Rajshahi Rare Book Section 21/04/2019   RA 355.260973 GRL 1942 21/04/2019 C-1 Rare Books